• 首页
  • 本馆介绍
  • 公告通知
  • 最新文献
  • 馆藏检索
  • 电子资源
  • 读者导购
  • 参考咨询
  • 我的图书馆
  • 登录
  • 详细信息显示
  • 放入我的书架
  • 预约/预借图书
  • 作者相关作品
  • 分类相关作品
  • 丛书相关作品
  • 出版社相关作品

书目信息

  • 表格格式
  • 工作单格式
  • 卡片格式
题名:
简明六位对数表
    
 
作者: 阿脱伍特 著
分册:  
出版信息: 上海   上海市出版革命组  1970
页数: 135页
开本: 20cm
丛书名:
单 册:
中图分类: O1-644
科图分类:
主题词: 数学
电子资源:
ISBN:
000 00631nam0 2200229 450
001 0660184187
005 20060424164910.21
010    @dCNY0.22
091    @a4-46
100    @a20060424d1970 km y0chiy0120 ea
101 0  @achi
102    @aCN@b310000
200 1  @a简明六位对数表@Ajian ming liu wei dui shu biao@f(英)C·阿脱伍特著@F(ying)C·a tuo wu te zhu
205    @a4版@b修订版
210    @a上海@c上海市出版革命组@d1970
215    @a135页@d20cm
300    @a附:反对数和三角函数对数表
606 0  @a数学
690    @aO1-644@v3
701  0 @a阿脱伍特@Aa tuo wu te@4著
801  0 @aCN@bPFT@c20060424
905    @a10447@dO1-644@e4
    
    简明六位对数表/(英)C·阿脱伍特著.-4版,修订版.-上海:上海市出版革命组,1970
    135页;20cm
    附:反对数和三角函数对数表
    
    ISBN :CNY0.22
    
●
相关链接 在E读中查询图书 在五车中查询图书 在当当中查询图书 在豆瓣中查询图书


正题名:简明六位对数表     索取号:O1-644/4         预约/预借

序号 登录号 条形码 馆藏地/架位号 状态 备注
1 0006631   202285428   密集书库/ [索取号:O1-644/4] 在馆    
唐山师范学院图书馆 欢迎您!
大连网信软件有限公司© 版权所有